Istituzioni di Diritto romano
Wedi'i Gadw mewn:
| Prif Awdur: | |
|---|---|
| Fformat: | Llyfr |
| Iaith: | Eidaleg |
| Cyhoeddwyd: |
Turín
G. Giappichelli
1951
|
| Rhifyn: | 10a. ed |
| Pynciau: | |
| Tagiau: |
Ychwanegu Tag
Dim Tagiau, Byddwch y cyntaf i dagio'r cofnod hwn!
|
MARC
| LEADER | 00000nam a2200000 a 4500 | ||
|---|---|---|---|
| 001 | UCS8426 | ||
| 003 | CL-VaPUC | ||
| 008 | 971031e19510000IT |||||||||||||||||ita|d | ||
| 082 | 0 | 4 | |a 340.05 |b BON |2 21 |
| 100 | 0 | |a Bonfante, Pietro |e author |9 393310 | |
| 245 | 1 | 0 | |a Istituzioni di Diritto romano |
| 250 | |a 10a. ed | ||
| 300 | |a 724 p | ||
| 942 | |c BK | ||
| 945 | |d 19971031 00:00:00 |a lriquelm | ||
| 260 | |a Turín |b G. Giappichelli |c 1951 | ||
| 650 | 0 | |a Derecho romano |9 255930 | |
| 650 | 0 | |a Derecho de familia |9 255603 | |
| 650 | 0 | |a Derecho de las obligaciones |9 328248 | |
| 650 | 0 | |a Derecho sucesorio |9 255015 | |
| 651 | 0 | |a Roma |9 255106 | |
| 583 | |a last modification |c 19971031 00:00:00 |k Rodrigo Vera | ||
| 999 | |c 262855 |d 262853 | ||
| 952 | |0 0 |1 0 |4 0 |6 340_050000000000000_BON_1951 |7 0 |8 DER_TF |9 291762 |a BIBDER |b BIBDER |d 2019-11-19 |i 1894765 |l 1 |o 340.05 BON 1951 |p 1894765 |r 2023-01-25 |s 2020-03-17 |w 2019-11-19 |x Ubicación 4to Piso |y BK |z Estos recursos deben solicitarse con anticipación |k DER | ||